Timothy Dalton Filmography - Statistics

General Stats
  • This quiz has been taken 24 times
    3 since last reset
  • The average score is 8 of 118
Answer Stats
Type Year Name % Correct
Film 1988 Hawks
67%
Film 1968 The Lion in Winter
67%
Film 1987 The Living Daylights
67%
Music Video 1987 The Living Daylights
67%
Film 1979 Agatha
33%
Film 1989 Brenda Starr
33%
Film 1981 Chanel Solitaire
33%
Film 1970 Cromwell
33%
TV Show 2009, 2010 Doctor Who
33%
Film 1980 Flash Gordon
33%
Film 2007 Hot Fuzz
33%
Film 1971 Mary, Queen of Scots
33%
Film 1975 Permission to Kill
33%
Film 1978 Sextette
33%
Film 1985 The Doctors and the Devils
33%
Film 1990 The King's Whore
33%
Film 1977 The Man Who Knew Love
33%
Film 1991 The Rocketeer
33%
Film 2010 The Tourist
33%
Film 1970 The Voyeur
33%
Film 1970 Wuthering Heights
33%
Web Series 2023-2055 1923
0%
Theater 1966 A Game Called Arthur
0%
Theater 1971 A Game Called Arthur
0%
TV Show 2006 Agatha Christie's Marple
0%
Radio Play 1975 A Kind of Bonus
0%
Film 2001 American Outlaws
0%
Theater 1981, 1986 Antony and Cleopatra
0%
TV Film 1984 Antony and Cleopatra
0%
Theater 1967 As You Like It
0%
Theater 1988 A Touch of the Poet
0%
TV Show 1970, 1971 BBC Play of the Month
0%
Theater 1976 Black Comedy
0%
TV Mini-Series 1978-1979 Centennial
0%
TV Show 1979 Charlie's Angels
0%
Audiobook 2007 Christine Falls
0%
TV Show 2010-2011 Chuck
0%
TV Mini-Series 1999 Cleopatra
0%
Theater 1964 Coriolanus
0%
Web Series 2019-2023 Doom Patrol
0%
TV Documentary 2004 Dunkirk
0%
Audiobook 2010 Elegy for April
0%
Documentary Series 1998 ESU Emergency Services Unit
0%
TV Show 1985 Faerie Tale Theatre
0%
TV Film 1985 Florence Nightingale
0%
TV Mini-Series 1992 Framed
0%
TV Show 1999 Great Performances
0%
Theater 1967 Hadrian VII
0%
Short Film 2011 Hawaiian Vacation
0%
Theater 1974-1975, 1982 Henry IV
0%
Theater 1974-1975 Henry V
0%
TV Mini-Series 2005 Hercules
0%
Theater 2003-2004 His Dark Materials
0%
Documentary Series 1999 Hooked on Fishing
0%
Documentary Series 1993 In the Wild
0%
TV Mini-Series 1983 Jane Eyre
0%
TV Show 1969 Judge Dee
0%
Theater 1981 Julius Caesar
0%
Video Game 2012 Kinect Rush: A Disney-Pixar Adventure
0%
Theater 1972 King Lear
0%
Film 1989 License to Kill
0%
Theater 1966 Little Malcolm and His Struggle Against the Eunuchs
0%
Film 2003 Looney Tunes: Back in Action
0%
Theater 1991 Love Letters
0%
Theater 1966, 1972-1974 Love's Labour's Lost
0%
Theater 1971 Macbeth
0%
TV Film 1999 Made Men
0%
TV Mini-Series 1984 Mistral's Daughter
0%
Film 1993 Naked in New York
0%
Short Film 2012 Partysaurus Rex
0%
TV Show 2014-2016 Penny Dreadful
0%
Theater 1994 Peter and the Wolf
0%
TV Film 2000 Possessed
0%
TV Show 2019, 2020 Rapunzel's Tangled Adventures
0%
TV Film 1994 Red Eagle
0%
Theater 1967 Richard II
0%
Theater 1972-1973 Romeo and Juliet
0%
Theatrr 1966, 1968 Saint Joan
0%
Film 1996 Salt Water Moose
0%
TV Show 1967 Sat'day While Sunday
0%
TV Mini-Series 1994 Scarlett
0%
Film 2012 Secret of the Wings
0%
TV Mini-Series 1986 Sins
0%
Short Film 2011 Small Fry
0%
Theater 1998 Star Crossed Lovers
0%
TV Show 1998 Stories from My Childhood
0%
Film 2006 Tales from Earthsea
0%
TV Show 1992 Tales from the Crypt
0%
Film 1997 The Beautician and the Beast
0%
Web Series 2022 The Crown
0%
Theater 1966, 1968 The Doctor's Dilemma
0%
TV Film 1979 The Flame Is Love
0%
Theater 1975 The Happiest Days of Your Life?
0%
TV Film 1997 The Informant
0%
Theater 1977, 1980 The Lunatic, the Lover, the Poet
0%
TV Film 1984 The Master of Ballantrae
0%
Theater 1966 The Merchant of Venice
0%
Theater 1968 The Promise
0%
TV Film 1999 The Reef
0%
Theater 1977 The Romans
0%
Theater 1969 The Royal Hunt of the Sun
0%
Theater 1975 The Samaritan
0%
Audiobook 2008 The Silver Swan
0%
Theater 1986 The Taming of the Shrew
0%
TV Film 1968 The Three Princes
0%
Theater 1974 The Vortex
0%
Radio Play 1975 The Vortex
0%
TV Film 2000 Time Share
0%
Film 2010 Toy Story 3
0%
Video Game 2010 Toy Story 3: The Video Game
0%
Film 2019 Toy Story 4
0%
TV Short 2013 Toy Story of Terror!
0%
TV Short 2014 Toy Story That Time Forgot
0%
TV Film 1966 Troilus and Cressida
0%
Radio Play 1985 Uncle Vanya
0%
Web Series 2008 Unknown Sender
0%
Theater 1976 White Lies
0%
Documentary Mini-Series 1987 Wildlife Chronicles
0%
No matching quizzes found
Score Distribution
Percent of People with Each Score
Percentile by Number Answered
Your Score History
You have not taken this quiz since the last reset